La muerte de la familia
I tiakina i:
| Kaituhi matua: | |
|---|---|
| Hōputu: | Pukapuka |
| Reo: | Pāniora |
| I whakaputaina: |
Buenos Aires
Paidós
1972
|
| Rangatū: | Biblioteca Mundo Moderno, 61
|
| Ngā marau: | |
| Ngā Tūtohu: |
Tāpirihia he Tūtohu
Kāore He Tūtohu, Me noho koe te mea tuatahi ki te tūtohu i tēnei pūkete!
|
MARC
| LEADER | 00000nam a2200000 a 4500 | ||
|---|---|---|---|
| 001 | UCY7593 | ||
| 003 | CL-VaPUC | ||
| 008 | 950616e19721200AG |||||||||||||||||spa|d | ||
| 082 | 0 | 4 | |a 306.85 |b COO |2 21 |
| 100 | 0 | |a Cooper, David |e author |9 338179 | |
| 245 | 1 | 3 | |a La muerte de la familia |
| 300 | |a 172 p | ||
| 942 | |c BK | ||
| 945 | |d 19950616 00:00:00 |a mfernand | ||
| 260 | |a Buenos Aires |b Paidós |c 1972 | ||
| 650 | 0 | |a Familias |9 255641 | |
| 650 | 7 | |a INFLUENCIA FAMILIAR |2 CL-VaPUC |9 335148 | |
| 650 | 0 | |a Vida familiar |9 308049 | |
| 650 | 0 | |a Cambio social |9 256857 | |
| 583 | |a last modification |c 20180227 05:50:46 |k Rodrigo Vera | ||
| 490 | 0 | |a Biblioteca Mundo Moderno, 61 | |
| 999 | |c 234931 |d 234929 | ||
| 952 | |0 0 |1 0 |4 0 |6 306_850000000000000_COO_1972 |7 0 |8 A |9 241933 |a BIBEDU |b BIBEDU |d 2019-11-18 |i 1520210 |o 306.85 COO 1972 |p 1520210 |r 2019-11-18 |w 2019-11-18 |y BK |k EDU | ||